The Cleveland Orchestra /
Kaydedildi:
| Yazar: | |
|---|---|
| Materyal Türü: | Sách giấy |
| Dil: | English |
| Baskı/Yayın Bilgisi: |
Cleveland :
World Pub. Co.,
1967.
|
| Konular: | |
| Etiketler: |
Etiketle
Etiket eklenmemiş, İlk siz ekleyin!
|
| Thư viện lưu trữ: | Thư viện Trường Đại học Đà Lạt |
|---|
| LEADER | 00685nam a2200289 4500 | ||
|---|---|---|---|
| 001 | DLU180187095 | ||
| 005 | ##20180917 | ||
| 040 | # | # | |a DLU |b eng |
| 041 | # | # | |a eng |
| 044 | # | # | |a us |
| 082 | # | # | |a 784.2 |b MA-R |
| 100 | # | # | |a Marsh, Robert C. |
| 245 | # | # | |a The Cleveland Orchestra / |c Robert C. Marsh. |
| 260 | # | # | |a Cleveland : |b World Pub. Co., |c 1967. |
| 300 | # | # | |a 205 p. :billus., facsims., maps, port; |c 29 cm. |
| 651 | # | # | |a Cleveland Orchestra. |
| 923 | # | # | |a 100/2010 |
| 991 | # | # | |a SH |
| 992 | # | # | |a 0 |
| 994 | # | # | |a DLU |
| 900 | # | # | |a True |
| 911 | # | # | |a Nguyễn Thanh Hương |
| 925 | # | # | |a G |
| 926 | # | # | |a A |
| 927 | # | # | |a SH |
| 980 | # | # | |a Thư viện Trường Đại học Đà Lạt |